Extension Strategies For Agriculture And Rural development (Record no. 17377)
[ view plain ]
| 000 -LEADER | |
|---|---|
| fixed length control field | 00250nam a22000857a 4500 |
| 003 - CONTROL NUMBER IDENTIFIER | |
| control field | ASAB |
| 005 - DATE AND TIME OF LATEST TRANSACTION | |
| control field | 20170421114200.0 |
| 008 - FIXED-LENGTH DATA ELEMENTS--GENERAL INFORMATION | |
| fixed length control field | 150917t xxu||||| |||| 00| 0 eng d |
| 020 ## - INTERNATIONAL STANDARD BOOK NUMBER | |
| Linkage | 978-81-7035-641-7 |
| 040 ## - CATALOGING SOURCE | |
| Transcribing agency | ASAB |
| 082 ## - DEWEY DECIMAL CLASSIFICATION NUMBER | |
| Classification number | 630 |
| 100 ## - MAIN ENTRY--PERSONAL NAME | |
| Personal name | Ashok K. Singh |
| 9 (RLIN) | 1189 |
| 245 ## - TITLE STATEMENT | |
| Title | Extension Strategies For Agriculture And Rural development |
| Statement of responsibility, etc. | by Ashok K. Singh |
| 260 ## - PUBLICATION, DISTRIBUTION, ETC. | |
| Place of publication, distribution, etc. | New Delhi |
| Name of publisher, distributor, etc. | Daya Publishing House |
| Date of publication, distribution, etc. | c2010 |
| 300 ## - PHYSICAL DESCRIPTION | |
| Extent | 437 P. |
| 942 ## - ADDED ENTRY ELEMENTS (KOHA) | |
| Source of classification or shelving scheme | |
| Koha item type | Book |
| Withdrawn status | Lost status | Source of classification or shelving scheme | Damaged status | Not for loan | Collection code | Permanent Location | Current Location | Date acquired | Total Checkouts | Full call number | Barcode | Date last seen | Price effective from | Koha item type |
|---|---|---|---|---|---|---|---|---|---|---|---|---|---|---|
| Central Library (CL) | Central Library (CL) | 09/17/2015 | 630 SIN | ASAB1818 | 04/21/2017 | 09/17/2015 | Book |
